14) A View to a Kill Quiz - Statistics

General Stats
  • This quiz has been taken 387 times
    384 since last reset
  • The average score is 6 of 10
Answer Stats
Question Answer % Correct
Who kills Sir Godfrey Tibbett in a car wash? May Day
89%
What product made by Zorin does Bond find in 003’s locket in the pre-title sequence? a microchip
77%
What does Bond bake for Stacy at her home in San Francisco? quiche de cabinet
68%
Name one of the aliases Bond uses during the film Stock / St John Smythe
66%
Pola Ivanova is tickled by the music of which composer while in the spa with Bond? Tchaikovsky
63%
Fleming's short story title was one word longer than the film title. What was the extra word? From
58%
Complete Zorin's statement: "I'm happiest in the ______ " saddle
57%
How old was Roger Moore when the film was shot? 56-57
47%
What is the name of Zorin’s winning horse that Bond bets on at Ascot races? Pegasus
40%
What seafood product serves as the code phrase for Bond to make contact with Agent Lee? soft shell crabs
21%
No matching quizzes found
Score Distribution
Percent of People with Each Score
Percentile by Number Answered
Your Score History
You have not taken this quiz since the last reset